000 00214nam a2200109Ia 4500
100 _a#N/A
942 _cBK
245 _aSKOAR! The interactive edition;10 games
260 _b#N/A
546 _aENGLISH
999 _c31155
_d31155